000
00332nam a22001457a 4500
008
210521b ||||| |||| 00| 0 eng d
020
_a
9781935584629
041
_a
eng
080
_a
612.39
082
_a
612.39
100
_a
10
101
_a
NUT
245
_a
The Johns Hopkins Medicine
_c
Roger S. Blumenthal
942
_2
udc
_c
BK
999
_c
57571
_d
57571